[Event "Sparkassen-Open A"]
[Site "Heusenstamm, Martinsee"]
[Date "2023.11.24"]
[Round "6.26"]
[White "Musiienko, Platon"]
[Black "Hoppe, Thilo"]
[Result "1/2-1/2"]
[WhiteElo "1947"]
[BlackElo "2127"]
[PlyCount "58"]
[EventDate "2024.11.21"]
[WhiteTeam "Wiesbadener SV 1885"]
[BlackTeam "SC Bonn Beuel"]

1. e4 c6 2. Nf3 d5 3. Nc3 Bg4 4. h3 Bxf3 5. Qxf3 e6 6. Be2 Nf6 7. O-O d4 8. Nb1 Nbd7 9. d3 Bd6 10. g3 h6 11. Nd2 Qc7 12. a4 e5 13. Qg2 g5 14. a5 Nf8 15. Nc4 Ne6 16. Bd2 Be7 17. b4 O-O-O 18. a6 b6 19. Rfc1 Kb8 20. Qf3 Rdf8 21. Bf1 h5 22. Qd1 h4 23. g4 Rd8 24. Rcb1 Ka8 25. b5 c5 26. Qf3 Nf4 27. Bxf4 gxf4 28. Qd1 Nd7 29. f3 Rhg8 1/2-1/2

[Event "Sparkassen-Open A"]
[Site "Heusenstamm, Martinsee"]
[Date "2023.11.24"]
[Round "6.27"]
[White "Wenzel, Calvin"]
[Black "Woestmann, Ulrich"]
[Result "1/2-1/2"]
[WhiteElo "2058"]
[BlackElo "1987"]
[PlyCount "63"]
[EventDate "2024.11.21"]
[WhiteTeam "SK 1980 Gernsheim"]
[BlackTeam "SV Ahlen 1954 e. V."]

1. e4 c5 2. Nf3 d6 3. d4 cxd4 4. Nxd4 Nf6 5. Nc3 a6 6. h3 e5 7. Nf3 Be6 8. Ng5 Nc6 9. Nxe6 fxe6 10. Bc4 Qd7 11. a4 Rc8 12. Ba2 Be7 13. O-O O-O 14. Be3 Kh8 15. Re1 Nb4 16. Bb3 d5 17. exd5 exd5 18. Bg5 Qf5 19. Bxf6 Rxf6 20. Nxd5 Qxf2+ 21. Kh1 Nxd5 22. Qxd5 Rcf8 23. Qe4 Bd6 24. Qe3 Qh4 25. Bd5 e4 26. Bxe4 Re6 27. Qd3 Rfe8 28. Re2 Qg3 29. Qxg3 Bxg3 30. Ra3 Bf4 31. g3 Bc1 32. Rc3 1/2-1/2

[Event "Sparkassen-Open A"]
[Site "Heusenstamm, Martinsee"]
[Date "2023.11.24"]
[Round "6.28"]
[White "Neukirchner, Pascal"]
[Black "Wambach, Jürgen"]
[Result "1-0"]
[WhiteElo "2255"]
[BlackElo "2015"]
[PlyCount "63"]
[EventDate "2024.11.21"]
[WhiteTeam "Heilbronner SV"]
[BlackTeam "SK 1982 Klingenberg e.V."]

1. Nf3 c5 2. g3 g6 3. Bg2 Bg7 4. c4 Nc6 5. Nc3 e5 6. a3 Nge7 7. O-O d6 8. b4 O-O 9. Rb1 Rb8 10. d3 h6 11. Ne1 cxb4 12. axb4 Be6 13. Bd2 a6 14. Nc2 d5 15. cxd5 Nxd5 16. b5 Nxc3 17. Bxc3 axb5 18. Rxb5 Qc7 19. Qb1 b6 20. Rb2 Rfc8 21. Rc1 Qd8 22. Nb4 Nxb4 23. Rxb4 Bf8 24. Rb5 f6 25. d4 exd4 26. Qxg6+ Bg7 27. Bd2 Rxc1+ 28. Bxc1 Bf7 29. Qf5 Qe8 30. Be4 Rc8 31. Qh7+ Kf8 32. Ba3+ 1-0

[Event "Sparkassen-Open A"]
[Site "Heusenstamm, Martinsee"]
[Date "2023.11.24"]
[Round "6.29"]
[White "Schröder, Jürgen"]
[Black "Klundt, Klaus"]
[Result "0-1"]
[WhiteElo "2020"]
[BlackElo "2252"]
[PlyCount "62"]
[EventDate "2024.11.21"]
[WhiteTeam "SC Matt im Park Ffm"]
[BlackTeam "SC Heusenstamm"]

1. e4 c5 2. Be2 Nc6 3. d3 g6 4. f4 Bg7 5. Nf3 e6 6. O-O Nge7 7. c3 O-O 8. Na3 d5 9. e5 f6 10. exf6 Bxf6 11. Nc2 d4 12. c4 Nf5 13. Nd2 Ne3 14. Nxe3 dxe3 15. Ne4 Bd4 16. Kh1 Qc7 17. Qe1 e5 18. fxe5 Bf5 19. Nf6+ Kh8 20. Qh4 Qg7 21. g4 Nxe5 22. gxf5 Rxf6 23. Qh3 Raf8 24. Bxe3 Qd7 25. Bxd4 cxd4 26. Rae1 Rxf5 27. Qg3 Kg7 28. Rxf5 Rxf5 29. Bf1 Qc6+ 30. Bg2 Qf6 31. Kg1 Rg5 0-1

[Event "Sparkassen-Open A"]
[Site "Heusenstamm, Martinsee"]
[Date "2023.11.24"]
[Round "6.30"]
[White "Derr, Oleg"]
[Black "Rempe, Jonas"]
[Result "0-1"]
[WhiteElo "2019"]
[BlackElo "2182"]
[PlyCount "86"]
[EventDate "2024.11.21"]
[WhiteTeam "VSG 1880 Offenbach"]
[BlackTeam "SK Doppelbauer Kiel von 1910 e.V"]

1. e4 c6 2. Nc3 d5 3. Nf3 dxe4 4. Nxe4 Bf5 5. Qe2 e6 6. d4 Nf6 7. Nxf6+ Qxf6 8. Bg5 Qg6 9. O-O-O Bd6 10. h4 h6 11. h5 Qh7 12. Be3 Bg4 13. Qd2 Qf5 14. Nh4 Qf6 15. Be2 Bxe2 16. Qxe2 Nd7 17. Kb1 O-O-O 18. Nf3 Qf5 19. Nd2 Nf6 20. Rh4 Be7 21. g4 Qd5 22. Rhh1 Rhe8 23. f3 Qa5 24. c4 e5 25. Qf2 exd4 26. Bxd4 b6 27. Rhe1 Bb4 28. Rxe8 Nxe8 29. a3 Qa4 30. Qe2 Rxd4 31. axb4 Nd6 32. c5 Nc4 33. Nb3 Rxd1+ 34. Qxd1 Qxb4 35. cxb6 axb6 36. Qd3 Qxb3 37. Qxb3 Nd2+ 38. Kc2 Nxb3 39. Kxb3 Kd7 40. f4 Kd6 41. Kc4 c5 42. g5 Kc6 43. f5 f6 0-1

[Event "Sparkassen-Open A"]
[Site "Heusenstamm, Martinsee"]
[Date "2023.11.24"]
[Round "6.31"]
[White "Kersten, Uwe"]
[Black "Leibbrand, Udo"]
[Result "1-0"]
[WhiteElo "2170"]
[BlackElo "2024"]
[PlyCount "47"]
[EventDate "2024.11.21"]
[WhiteTeam "Sfr. Wolfhagen e. V."]
[BlackTeam "SC Pforzheim 1906"]

1. e4 c6 2. d4 d5 3. e5 Bf5 4. h4 h5 5. Bd3 Bxd3 6. Qxd3 e6 7. Bg5 Qb6 8. Nd2 c5 9. c4 Qxb2 10. Rd1 Qxd4 11. Qe2 Nc6 12. Ngf3 Qc3 13. cxd5 exd5 14. O-O Nge7 15. Rb1 O-O-O 16. Rfc1 Qa3 17. Qb5 b6 18. Bxe7 Nxe7 19. Ng5 Rd7 20. Nxf7 Rg8 21. e6 Rc7 22. Qe8+ Kb7 23. Nd6+ Ka6 24. Qb5# 1-0

[Event "Sparkassen-Open A"]
[Site "Heusenstamm, Martinsee"]
[Date "2023.11.24"]
[Round "6.32"]
[White "Vihan, Shourya"]
[Black "Michels, Achim"]
[Result "1-0"]
[WhiteElo "2007"]
[BlackElo "2163"]
[PlyCount "87"]
[EventDate "2024.11.21"]
[WhiteTeam "SV 1920 Hofheim"]
[BlackTeam "SC ML Kastellaun"]

1. d4 c5 2. e3 Nf6 3. c4 cxd4 4. exd4 d5 5. Nc3 Nc6 6. Nf3 Bg4 7. Be3 e6 8. cxd5 Nxd5 9. Qb3 Bxf3 10. gxf3 a6 11. Nxd5 exd5 12. O-O-O Be7 13. Kb1 O-O 14. Bd3 Qd6 15. Rdg1 Kh8 16. h4 f5 17. Bg5 Bf6 18. Bxf6 Qxf6 19. Qxd5 Rad8 20. Qb3 Nxd4 21. Qxb7 Rb8 22. Qxa6 Rxb2+ 23. Kxb2 Rb8+ 24. Kc1 Ne2+ 25. Kd1 Qb2 26. Bxe2 Qd4+ 27. Qd3 Rb1+ 28. Kd2 Qb4+ 29. Qc3 Rb2+ 30. Kd3 Qd6+ 31. Ke3 f4+ 32. Ke4 Rxe2+ 33. Kf5 Qf8+ 34. Kg4 Rxf2 35. Qe5 Qc8+ 36. Qf5 h5+ 37. Kg5 Qc6 38. Kxh5 Rg2 39. Rxg2 Qxf3+ 40. Rg4 Qa8 41. Rhg1 Qf8 42. Qg6 Qf5+ 43. Rg5 Qc2 44. R1g4 1-0

[Event "Sparkassen-Open A"]
[Site "Heusenstamm, Martinsee"]
[Date "2023.11.24"]
[Round "6.33"]
[White "Wachsmann, Elmar"]
[Black "Erdmann, Stefan"]
[Result "1-0"]
[WhiteElo "2011"]
[BlackElo "2137"]
[PlyCount "123"]
[EventDate "2024.11.21"]
[WhiteTeam "SC Groß-Umstadt"]
[BlackTeam "SK Bad Homburg 1927"]

1. d4 d5 2. c4 c6 3. cxd5 cxd5 4. Bf4 Nc6 5. e3 Nf6 6. Nc3 Bf5 7. Nf3 e6 8. Qb3 Bb4 9. Ne5 Qb6 10. Be2 Ne4 11. Nxc6 bxc6 12. Rc1 a5 13. a3 g5 14. Be5 f6 15. Bg3 Bxc3+ 16. Rxc3 Qxb3 17. Rxb3 Nxg3 18. hxg3 O-O 19. g4 Bg6 20. Kd2 Rab8 21. Kc3 Kf7 22. Rxb8 Rxb8 23. b4 axb4+ 24. axb4 Rc8 25. Kb2 e5 26. Rc1 exd4 27. exd4 Rb8 28. Kb3 Rb6 29. Ka4 Ke7 30. Ka5 Rb7 31. Rxc6 Be8 32. Rc5 Kd6 33. Bf3 Bf7 34. b5 Ra7+ 35. Kb4 Ra1 36. Rc6+ Ke7 37. Rc7+ Ke6 38. Kc5 Rc1+ 39. Kb6 Rb1 40. Ka6 Be8 41. Rc5 Rb4 42. Bxd5+ Kd6 43. Bc4 Bxb5+ 44. Bxb5 Rxd4 45. Rc4 Rd2 46. f3 Rxg2 47. Rd4+ Kc5 48. Rc4+ Kd6 49. Re4 Rh2 50. Be8 Rh3 51. Re3 f5 52. gxf5 Rh4 53. Kb6 Rb4+ 54. Bb5 Rf4 55. Re6+ Kd5 56. Bc6+ Kd4 57. f6 Kd3 58. Kc7 h5 59. Kd7 h4 60. Ke7 h3 61. f7 h2 62. Rh6 1-0

[Event "Sparkassen-Open A"]
[Site "Heusenstamm, Martinsee"]
[Date "2023.11.24"]
[Round "6.34"]
[White "de Reuter, Uwe"]
[Black "Musiienko, Tymur"]
[Result "1-0"]
[WhiteElo "2012"]
[BlackElo "2141"]
[PlyCount "89"]
[EventDate "2024.11.21"]
[WhiteTeam "Schachforum Darmstadt 1994"]
[BlackTeam "Wiesbadener SV 1885"]

1. d4 d5 2. c4 c6 3. Nc3 Nf6 4. Nf3 a6 5. g3 dxc4 6. Bg2 b5 7. e4 e6 8. e5 Nd5 9. Ng5 Nxc3 10. bxc3 h6 11. Ne4 Bb7 12. O-O Nd7 13. a4 a5 14. axb5 cxb5 15. Nd6+ Bxd6 16. Bxb7 Rb8 17. Bc6 Be7 18. d5 O-O 19. d6 Nxe5 20. dxe7 Qxe7 21. Be4 f5 22. Bg2 Nd3 23. Rxa5 Qf6 24. Bd2 e5 25. Qe2 e4 26. Rb1 b4 27. cxb4 c3 28. Bf4 Rbc8 29. Qc2 g5 30. Be3 Rfd8 31. Bc5 Kh8 32. Rb3 Ne1 33. Qxc3 Qxc3 34. Rxc3 Rd1 35. Bf1 Nf3+ 36. Kg2 Ne1+ 37. Kh3 g4+ 38. Kh4 Nf3+ 39. Kh5 Re8 40. Be2 Rh1 41. Bxf3 exf3 42. Bd4+ Kg8 43. Kg6 f4 44. Rc7 fxg3 45. Rg7+ 1-0

[Event "Sparkassen-Open A"]
[Site "Heusenstamm, Martinsee"]
[Date "2023.11.24"]
[Round "6.35"]
[White "Tornay Gomez, Josu"]
[Black "Dordevic, Tom"]
[Result "1/2-1/2"]
[WhiteElo "1993"]
[BlackElo "2123"]
[PlyCount "41"]
[EventDate "2024.11.21"]
[WhiteTeam "SJ Herborn 1998"]
[BlackTeam "SV Mülheim-Nord 1931 e"]

1. e4 c5 2. Nc3 e6 3. f4 d5 4. Nf3 Nf6 5. e5 Nfd7 6. d4 Nc6 7. Be3 cxd4 8. Nxd4 Bc5 9. Qd2 O-O 10. Be2 Qe7 11. O-O f6 12. exf6 Nxf6 13. Rae1 Bd7 14. Bf3 Kh8 15. Nb3 Bxe3+ 16. Qxe3 Rae8 17. Nb5 Rc8 18. N5d4 Nxd4 19. Nxd4 Qb4 20. a3 Qd6 21. c3 1/2-1/2

[Event "Sparkassen-Open A"]
[Site "Heusenstamm, Martinsee"]
[Date "2023.11.24"]
[Round "6.36"]
[White "Pilhöfer, Lukas"]
[Black "Stork, Christopher"]
[Result "0-1"]
[WhiteElo "1949"]
[BlackElo "2079"]
[PlyCount "52"]
[EventDate "2024.11.21"]
[WhiteTeam "SC Sulzbach-Rosenberg"]
[BlackTeam "SV Oberursel"]

1. d4 Nf6 2. Nf3 g6 3. c4 Bg7 4. g3 O-O 5. Bg2 d6 6. O-O c6 7. Nc3 Bf5 8. Re1 Ne4 9. Nh4 Nxc3 10. bxc3 Bc8 11. Rb1 Qa5 12. Qb3 Bxd4 13. Bh6 Bg7 14. Bxg7 Kxg7 15. e4 Nd7 16. Kh1 Nc5 17. Qc2 Be6 18. f4 Bxc4 19. Rb2 Nd3 20. Reb1 Nxb2 21. Rxb2 Rab8 22. f5 Qc5 23. Qd2 b5 24. Qg5 f6 25. Qg4 Qe3 26. Rb1 Be2 0-1

[Event "Sparkassen-Open A"]
[Site "Heusenstamm, Martinsee"]
[Date "2023.11.24"]
[Round "6.37"]
[White "Klein, Levent"]
[Black "Paeslack, Luis"]
[Result "1/2-1/2"]
[WhiteElo "1966"]
[BlackElo "2043"]
[PlyCount "38"]
[EventDate "2024.11.21"]
[WhiteTeam "SK Kaiserslautern 1905"]
[BlackTeam "SC Aschaffenburg e.V."]

1. d4 Nf6 2. Nf3 e6 3. b3 b6 4. Bb2 Bb7 5. e3 d5 6. Nbd2 Bd6 7. Be2 O-O 8. O-O c5 9. c4 Nc6 10. cxd5 exd5 11. Rc1 Rc8 12. Ne5 Ne7 13. Bd3 Qc7 14. f4 Ne4 15. Nxe4 dxe4 16. Bc4 a6 17. Qg4 Bxe5 18. dxe5 b5 19. Bxf7+ Kxf7 1/2-1/2

[Event "Sparkassen-Open A"]
[Site "Heusenstamm, Martinsee"]
[Date "2023.11.24"]
[Round "6.38"]
[White "Werner, Florin"]
[Black "Steinle, Carsten"]
[Result "0-1"]
[WhiteElo "1963"]
[BlackElo "2054"]
[PlyCount "80"]
[EventDate "2024.11.21"]
[WhiteTeam "VSG 1880 Offenbach"]
[BlackTeam "Schachverein Ahlen 1954 e. V."]

1. e4 e6 2. d4 d5 3. Nd2 Nf6 4. e5 Nfd7 5. c3 b6 6. Bd3 Ba6 7. Bb1 c5 8. f4 Nc6 9. Ndf3 b5 10. Ne2 b4 11. Be3 Nb6 12. Bd3 Bxd3 13. Qxd3 bxc3 14. Nxc3 Nc4 15. Bc1 Nb4 16. Qd1 cxd4 17. Nxd4 Bc5 18. Nc2 Nxc2+ 19. Qxc2 O-O 20. Qd3 Qa5 21. b3 Bb4 22. bxc4 dxc4 23. Qe3 Bxc3+ 24. Bd2 Bxd2+ 25. Qxd2 c3 26. Qc2 Qc5 27. Rf1 Rab8 28. Rf3 Rb2 29. Qxc3 Qg1+ 30. Rf1 Qxg2 31. O-O-O Rxa2 32. Rg1 Qxh2 33. Rh1 Qxf4+ 34. Kb1 Rf2 35. Rd4 Rb8+ 36. Ka1 Rf1+ 37. Rxf1 Qxf1+ 38. Ka2 Qa6+ 39. Qa3 Qe2+ 40. Ka1 Qf1+ 0-1

[Event "Sparkassen-Open A"]
[Site "Heusenstamm, Martinsee"]
[Date "2023.11.24"]
[Round "6.39"]
[White "Dörr, Tarik"]
[Black "Bräutigam, Thomas"]
[Result "0-1"]
[WhiteElo "2056"]
[BlackElo "2010"]
[PlyCount "62"]
[EventDate "2024.11.21"]
[WhiteTeam "SC Einrich e.V."]
[BlackTeam "SC 1957 Bad Königshofen e.V."]

1. e4 c5 2. Nf3 e6 3. d4 cxd4 4. Nxd4 Nc6 5. Nc3 Qc7 6. Be2 a6 7. O-O Nf6 8. Re1 Bb4 9. Qd3 Nxd4 10. Qxd4 Bc5 11. Qd3 b5 12. Bf3 e5 13. Bg5 Bb7 14. Rad1 Rd8 15. Nd5 Bxd5 16. exd5 d6 17. Bxf6 gxf6 18. Qf5 Ke7 19. Bg4 Rdg8 20. h4 h5 21. Bh3 Qa5 22. c3 b4 23. Qd7+ Kf8 24. Rd3 bxc3 25. Rxc3 Qb5 26. Qf5 Rg6 27. Rb3 Qc4 28. Rd1 Qxh4 29. Rdd3 Rg5 30. Qc8+ Kg7 31. Rb8 Qxf2+ 0-1

[Event "Sparkassen-Open A"]
[Site "Heusenstamm, Martinsee"]
[Date "2023.11.24"]
[Round "6.40"]
[White "Bezsonna, Polina"]
[Black "Longo, Massimo"]
[Result "0-1"]
[WhiteElo "1949"]
[BlackElo "2058"]
[PlyCount "154"]
[EventDate "2024.11.21"]
[WhiteTeam "SK Bad Homburg 1927"]
[BlackTeam "SK Gräfelfing"]

1. e4 e6 2. d4 d5 3. Nc3 Bb4 4. e5 c5 5. a3 Bxc3+ 6. bxc3 Ne7 7. f4 Qa5 8. Bd2 b6 9. a4 c4 10. Qb1 Bd7 11. Qa2 Nbc6 12. g3 O-O-O 13. Bg2 h6 14. Ne2 Nf5 15. g4 Nh4 16. O-O Nxg2 17. Kxg2 f6 18. h4 Be8 19. Rf2 h5 20. g5 Bg6 21. Ng3 Ne7 22. Qa3 Rd7 23. Be3 Nf5 24. Nxf5 Bxf5 25. Qb4 Qxb4 26. cxb4 c3 27. Ra2 a6 28. Rf1 Rc7 29. Rb1 Kd7 30. Kf2 Rc4 31. Ke2 Ke7 32. Bf2 Be4 33. Rb3 Rhc8 34. Be1 Kf7 35. Ke3 Kg6 36. Raa3 Bxc2 37. Rxc3 Rxc3+ 38. Rxc3 Rxc3+ 39. Bxc3 Bxa4 40. Be1 fxg5 41. fxg5 Kf5 42. Kf3 Bd1+ 43. Ke3 Kg4 44. Kd2 Bb3 45. Kc3 Bc4 46. Kb2 Kf3 47. Ka3 Ke2 48. Bc3 Kd3 49. Ba1 Kc2 50. Bb2 b5 51. Ba1 Be2 52. Bb2 Bf3 53. Ba1 Bd1 54. Bb2 Kd3 55. Ba1 Kc4 56. Bb2 Bb3 57. Bc1 Kc3 58. Bb2+ Kc2 59. Ba1 g6 60. Bb2 Ba4 61. Ba1 Kd3 62. Bb2 Kc4 63. Ba1 Bb3 64. Bc3 a5 65. Be1 axb4+ 66. Bxb4 Bc2 67. Bc5 Kc3 68. Bd6 Kxd4 69. Kb2 Bf5 70. Kb3 Bd3 71. Kb4 Ke4 72. Kc3 Bc4 73. Kd2 Kf4 74. Bc7 Kg4 75. Ke3 Kxh4 76. Kf4 Kh3 77. Bb6 Kg2 0-1

[Event "Sparkassen-Open A"]
[Site "Heusenstamm, Martinsee"]
[Date "2023.11.24"]
[Round "6.41"]
[White "Wachsmann, Dietmar"]
[Black "Ahrends, Norbert"]
[Result "1/2-1/2"]
[WhiteElo "2014"]
[BlackElo "1979"]
[PlyCount "40"]
[EventDate "2024.11.21"]
[WhiteTeam "SC Groß-Umstadt"]
[BlackTeam "SK 1980 Gernsheim"]

1. e4 c6 2. d4 d5 3. exd5 cxd5 4. c4 Nf6 5. Nc3 Nc6 6. Nf3 Bg4 7. Be3 e6 8. c5 a6 9. Be2 Be7 10. Na4 Nd7 11. O-O O-O 12. Qd2 Qa5 13. Nc3 b6 14. cxb6 Qxb6 15. Ne5 Ndxe5 16. dxe5 d4 17. Bxd4 Nxd4 18. Bxg4 Rfd8 19. Qe3 Qxb2 20. Rad1 Nb5 1/2-1/2

[Event "Sparkassen-Open A"]
[Site "Heusenstamm, Martinsee"]
[Date "2023.11.24"]
[Round "6.42"]
[White "Eggenstein, Frank"]
[Black "Rosenberger, Frank"]
[Result "1/2-1/2"]
[WhiteElo "1945"]
[BlackElo "2055"]
[PlyCount "35"]
[EventDate "2024.11.21"]
[WhiteTeam "Schachverein Datteln 1924"]
[BlackTeam "SK 1980 Gernsheim"]

1. e4 d5 2. exd5 Qxd5 3. Nc3 Qd6 4. d4 Nf6 5. Nf3 c6 6. Ne5 Nbd7 7. Nc4 Qc7 8. Qf3 Nb6 9. h3 Be6 10. Ne5 Qd6 11. Be3 Qb4 12. Nd3 Qd6 13. Nc5 Bd5 14. Nxd5 Nbxd5 15. Bd2 e5 16. Ne4 Qe7 17. Nxf6+ gxf6 18. O-O-O 1/2-1/2

[Event "Sparkassen-Open A"]
[Site "Heusenstamm, Martinsee"]
[Date "2023.11.24"]
[Round "6.43"]
[White "Sreeramulu, Aarush"]
[Black "Li, Yunqi"]
[Result "1-0"]
[WhiteElo "1942"]
[BlackElo "2046"]
[PlyCount "73"]
[EventDate "2024.11.21"]
[WhiteTeam "SK Marburg 1931/72"]
[BlackTeam "SF 59 Kornwestheim"]

1. d4 Nf6 2. c4 e6 3. Nc3 Bb4 4. Qc2 O-O 5. a3 Bxc3+ 6. Qxc3 b6 7. Bg5 h6 8. Bh4 d5 9. cxd5 exd5 10. e3 Bf5 11. Bxf6 gxf6 12. Bd3 Bg6 13. Nf3 Qd6 14. Nh4 Kh7 15. Qc2 Rg8 16. Rc1 c6 17. O-O a5 18. Rfe1 Ra7 19. Qd2 Qe6 20. Nxg6 fxg6 21. e4 Rd8 22. Re3 Rg7 23. Rh3 h5 24. Rxh5+ Kg8 25. exd5 cxd5 26. Rh3 Qd6 27. Qh6 Kf7 28. Rg3 Rdg8 29. Bb1 Nd7 30. Rgc3 Re8 31. Qd2 Qe6 32. Re3 Qd6 33. Rxe8 Kxe8 34. Qe2+ Kf7 35. Re1 Rg8 36. Ba2 f5 37. Bxd5+ 1-0

[Event "Sparkassen-Open A"]
[Site "Heusenstamm, Martinsee"]
[Date "2023.11.24"]
[Round "6.44"]
[White "Stephanblome, Felix"]
[Black "Richter, Gerald"]
[Result "1/2-1/2"]
[WhiteElo "2041"]
[BlackElo "1957"]
[PlyCount "72"]
[EventDate "2024.11.21"]
[WhiteTeam "SV 1934 Ffm-Griesheim"]
[BlackTeam "Siegener Schachverein 1878"]

1. d4 d5 2. c4 c6 3. Nf3 Nf6 4. Qb3 Nbd7 5. Nc3 e6 6. Bg5 Be7 7. e3 O-O 8. Rc1 h6 9. Bh4 Nh5 10. Bxe7 Qxe7 11. Bd3 Nhf6 12. O-O dxc4 13. Bxc4 e5 14. Nh4 Nd5 15. g3 g5 16. Nf5 Qf6 17. Bxd5 Qxf5 18. Be4 Qf6 19. Rfd1 exd4 20. exd4 Nb6 21. Rd3 Be6 22. d5 cxd5 23. Nxd5 Nxd5 24. Bxd5 Bxd5 25. Rxd5 b6 26. Rc7 Rfd8 27. Rdd7 Rxd7 28. Rxd7 Rd8 29. Rxa7 Rd2 30. Ra8+ Kh7 31. f3 Rxb2 32. Qd5 Qg6 33. Qe4 Qxe4 34. fxe4 Kg6 35. a4 Kh5 36. h3 Kg6 1/2-1/2

[Event "Sparkassen-Open A"]
[Site "Heusenstamm, Martinsee"]
[Date "2023.11.24"]
[Round "6.45"]
[White "Zimmer, Gerald"]
[Black "Mandalka, Justus"]
[Result "0-1"]
[WhiteElo "1942"]
[BlackElo "2039"]
[PlyCount "88"]
[EventDate "2024.11.21"]
[WhiteTeam "SC Bergen-Enkheim 1922"]
[BlackTeam "SK Bad Homburg 1927"]

1. d4 d5 2. c4 e6 3. Nc3 c5 4. cxd5 exd5 5. Nf3 Nc6 6. Bf4 Nf6 7. e3 Bg4 8. dxc5 Bxc5 9. Be2 O-O 10. O-O Rc8 11. Rc1 Bb6 12. h3 Bxf3 13. Bxf3 d4 14. exd4 Qxd4 15. Qa4 h6 16. Rcd1 Qxa4 17. Nxa4 Rfd8 18. Nxb6 axb6 19. Be3 Nd7 20. Rc1 Nde5 21. Be4 Nd3 22. Rb1 Nc5 23. Bf5 Ra8 24. b4 Na4 25. a3 Nc3 26. Ra1 b5 27. Bb6 Rd5 28. Bg4 Ne5 29. Rfc1 Na4 30. Be3 Nc4 31. Bf4 Nab2 32. Bf3 Rd7 33. Rc2 Nd3 34. Bg4 Re7 35. Bg3 Nxb4 36. Rxc4 bxc4 37. Bd6 Nc2 38. Rc1 Re1+ 39. Rxe1 Nxe1 40. Kf1 Nc2 41. Bf3 Nxa3 42. Bxb7 Ra7 43. Be4 Nb5 44. Bc5 Ra1+ 0-1

[Event "Sparkassen-Open A"]
[Site "Heusenstamm, Martinsee"]
[Date "2023.11.24"]
[Round "6.46"]
[White "Aktürk, Mustafa Deniz"]
[Black "Werner, Rosalie"]
[Result "1/2-1/2"]
[WhiteElo "1888"]
[BlackElo "1904"]
[PlyCount "53"]
[EventDate "2024.11.21"]
[WhiteTeam "Sfr.Mainz 1928"]
[BlackTeam "VSG 1880 Offenbach"]

1. e4 e6 2. d4 d5 3. exd5 exd5 4. Bd3 Bd6 5. Qf3 Ne7 6. Ne2 Be6 7. Bf4 Nbc6 8. c3 Ng6 9. Bxd6 Qxd6 10. Qg3 Qd7 11. Nd2 Nce7 12. Nf4 Nxf4 13. Qxf4 c6 14. O-O Bf5 15. Bxf5 Qxf5 16. Qc7 Qd7 17. Qg3 O-O 18. Rfe1 Rfe8 19. Nf3 f6 20. Kf1 Rad8 21. Rad1 Nf5 22. Qf4 Nd6 23. Nd2 Qf5 24. Qxf5 Nxf5 25. a4 a5 26. Nf3 Nd6 27. Rxe8+ 1/2-1/2

[Event "Sparkassen-Open A"]
[Site "Heusenstamm, Martinsee"]
[Date "2023.11.24"]
[Round "6.47"]
[White "Marcziter, Alex"]
[Black "Blomer, Moritz"]
[Result "1/2-1/2"]
[WhiteElo "1988"]
[BlackElo "1890"]
[PlyCount "94"]
[EventDate "2024.11.21"]
[WhiteTeam "Schachgemeinschaft Porz e. V."]
[BlackTeam "SG Porz e. V."]

1. e4 e6 2. d4 d5 3. e5 c5 4. c3 Qb6 5. Nf3 Nc6 6. a3 Nh6 7. b4 cxd4 8. cxd4 Nf5 9. Bb2 Bd7 10. g4 Nfe7 11. Nc3 Na5 12. Na4 Qc6 13. b5 Qc7 14. Nc5 Nc4 15. Bxc4 dxc4 16. Qa4 a6 17. Nxd7 Qxd7 18. Qxc4 axb5 19. Qb3 Qd5 20. Qxd5 Nxd5 21. O-O Be7 22. Rab1 Bxa3 23. Ra1 b4 24. Bxa3 Rxa3 25. Rxa3 bxa3 26. Ra1 O-O 27. Rxa3 b5 28. Kf1 b4 29. Rb3 Ra8 30. Nd2 Kf8 31. Ke2 Ke7 32. Kd3 Kd7 33. Kc2 Rc8+ 34. Kb2 Nc3 35. f4 Nd5 36. f5 Rc3 37. Rxb4 Rd3 38. Rb7+ Kc6 39. Nb3 Kxb7 40. Nc5+ Kc6 41. Nxd3 Ne3 42. fxe6 fxe6 43. Nf4 Nxg4 44. Nxe6 Kd5 45. Nxg7 Nxe5 46. dxe5 Kxe5 47. Kc3 Kf4 1/2-1/2

[Event "Sparkassen-Open A"]
[Site "Heusenstamm, Martinsee"]
[Date "2023.11.24"]
[Round "6.48"]
[White "Schramm, Luca"]
[Black "Udelnov, Valentin"]
[Result "1-0"]
[WhiteElo "1892"]
[BlackElo "1980"]
[PlyCount "71"]
[EventDate "2024.11.21"]
[WhiteTeam "SC Einrich e.V."]
[BlackTeam "SG Aufbau Elbe Magdeburg"]

1. d4 Nf6 2. c4 g6 3. Nf3 Bg7 4. g3 c5 5. Bg2 Qa5+ 6. Nc3 Ne4 7. Qd3 cxd4 8. Nxd4 Nc5 9. Qd1 Nc6 10. e3 Ne6 11. O-O O-O 12. Re1 Qc5 13. Nd5 Nexd4 14. exd4 Bxd4 15. b4 Bxf2+ 16. Kh1 Qd4 17. Bh6 e6 18. Re4 Qxd1+ 19. Rxd1 exd5 20. cxd5 Nd8 21. Rf1 Bb6 22. Rfe1 f6 23. Bxf8 Kxf8 24. Re8+ Kg7 25. R1e7+ Kh6 26. h4 d6 27. Rh8 g5 28. Rhxh7+ Kg6 29. h5+ Kf5 30. Bh3+ g4 31. Bf1 Kg5 32. Bg2 a5 33. Rhg7+ Kxh5 34. Rh7+ Kg6 35. Reg7+ Kf5 36. Rh5# 1-0

[Event "Sparkassen-Open A"]
[Site "Heusenstamm, Martinsee"]
[Date "2023.11.24"]
[Round "6.49"]
[White "Aravindan, Midhulan"]
[Black "Stichter, Constantin Paul"]
[Result "0-1"]
[WhiteElo "1870"]
[BlackElo "1965"]
[PlyCount "138"]
[EventDate "2024.11.21"]
[WhiteTeam "Schachgemeinschaft Porz e. V."]
[BlackTeam "SG Traunstein/Traunreut e.V."]

1. e4 e6 2. d4 d5 3. e5 c5 4. c3 Nc6 5. Nf3 Bd7 6. Be2 Nge7 7. O-O Ng6 8. Bd3 cxd4 9. cxd4 Qb6 10. Bc2 Nb4 11. Bxg6 hxg6 12. a3 Nc6 13. Nc3 Be7 14. b4 Qd8 15. Qd3 a6 16. Bd2 Na7 17. Rfb1 Nc8 18. a4 Nb6 19. b5 Nc4 20. Bc1 Qa5 21. Nd2 axb5 22. axb5 Qxa1 23. Rxa1 Rxa1 24. Nb3 Ra8 25. g4 Rc8 26. Be3 b6 27. Nd2 Nxd2 28. Bxd2 Rc4 29. Kg2 Kd8 30. Nd1 Kc8 31. Nb2 Rc7 32. Qb3 Kb7 33. Bb4 Bxb4 34. Qxb4 Ra8 35. Na4 Ra5 36. Nxb6 Rxb5 37. Qf8 Rxb6 38. Qxg7 Rb4 39. Qxf7 Rxd4 40. Qxg6 Rd1 41. h4 d4 42. f3 Bc6 43. Qxe6 Rd2+ 44. Kg3 Rd3 45. h5 Rxf3+ 46. Kh4 d3 47. Qb3+ Ka8 48. h6 Bb7 49. Qa3+ Kb8 50. Qd6 Bc8 51. h7 Rf1 52. Kg3 Rh1 53. Qxd3 Rhxh7 54. Qe2 Rhg7 55. g5 Rg6 56. Qd2 Rgc6 57. Qb4+ Rb7 58. Qa4 Rc3+ 59. Kf4 Rcb3 60. g6 R3b4+ 61. Qxb4 Rxb4+ 62. Kg5 Be6 63. Kf6 Rb6 64. g7 Kc7 65. Ke7 Bg8 66. Kf8 Rb8+ 67. Ke7 Kc6 68. e6 Kd5 69. Kf6 Bxe6 0-1

[Event "Sparkassen-Open A"]
[Site "Heusenstamm, Martinsee"]
[Date "2023.11.24"]
[Round "6.50"]
[White "Vranckx, Oscar"]
[Black "Peter, Laurenz"]
[Result "0-1"]
[WhiteElo "2025"]
[BlackElo "1879"]
[PlyCount "149"]
[EventDate "2024.11.21"]
[WhiteTeam "Sfr.Mainz 1928"]
[BlackTeam "Sportgemeinschaft Kaarst 1912/35"]

1. e4 c5 2. Nf3 e6 3. g3 Nc6 4. Bg2 d6 5. O-O Nf6 6. Qe2 Be7 7. c3 O-O 8. Na3 a6 9. Nc2 d5 10. exd5 Nxd5 11. d4 b5 12. Ne5 Nxe5 13. dxe5 Qc7 14. Bd2 Bb7 15. b3 Nb6 16. f3 c4 17. Nd4 Rfd8 18. f4 Bc5 19. b4 Bxd4+ 20. cxd4 Bxg2 21. Qxg2 Rxd4 22. Be3 Rdd8 23. Bc5 Nd5 24. Qe4 Nc3 25. Qc2 Rd3 26. Rae1 Qb7 27. f5 exf5 28. Rxf5 Qd5 29. Qg2 Rd1 30. Qf1 Rxe1 31. Qxe1 Qd1 32. Qxd1 Nxd1 33. Rf1 Nc3 34. a3 Rd8 35. Kg2 Ne4 36. Bb6 Re8 37. Bd4 Nd2 38. Rd1 Nb3 39. Bc3 h6 40. Kf3 Kh7 41. Rd7 Kg6 42. Rd6+ Re6 43. Ke4 Nc1 44. Rd2 Nd3 45. Kd5 Re8 46. Re2 h5 47. h3 h4 48. Rg2 Kf5 49. Kd6 Re6+ 50. Kc7 Nxe5 51. gxh4 g6 52. a4 Ke4 53. Rg3 f5 54. a5 f4 55. Rg5 f3 56. Be1 Ke3 57. h5 f2 58. Bxf2+ Kxf2 59. h6 c3 60. h7 c2 61. h8=Q c1=Q+ 62. Kb8 Qxg5 63. Qf8+ Rf6 64. Qc5+ Qe3 65. Qc2+ Kf3 66. Qd1+ Ke4 67. Qc2+ Nd3 68. Qg2+ Qf3 69. Qc2 Rf8+ 70. Kb7 Qf7+ 71. Kc6 Rc8+ 72. Kd6 Rd8+ 73. Kc6 Qd7+ 74. Kb6 Rb8+ 75. Kxa6 0-1